000 00463nam a2200157Ia 4500
008 160316s1996 xxu||||| |||| 00| 0 eng d
082 _a344.046000
_bLAN
100 _a
245 _aLandscape diversity : A chance for the rural community to achive a sustainable future
250 _a
260 _aStrasbourg
_bCouncil of Europe
_c1996
300 _a47p
_b
_c
365 _b
650 _a1.Rural Landscape - Preservation - Maitainance - Europe
700 _a
_a
999 _c17591
_d17591